000 00306nam a22001337a 4500
008 210302b ||||| |||| 00| 0 eng d
020 _a2901575242445
041 _aeng
080 _a94
100 _a19
101 _aSHH
245 _aPublic History:Essays from the field
_cGardner,B.J
942 _2udc
_cBK
999 _c55522
_d55522